logo

Bir Sreshtho Munshi Abdur Rouf Library
Jhenaidah Cadet College

Science / (Record no. 7917)

MARC details
000 -LEADER
fixed length control field 00846nam a2200313 a 4500
001 - CONTROL NUMBER
JCCL Control Number 7917
003 - CONTROL NUMBER IDENTIFIER
JCCL marc code BD - JhCC
005 - DATE AND TIME OF LATEST TRANSACTION
control field 20191214134327.0
008 - FIXED-LENGTH DATA ELEMENTS--GENERAL INFORMATION
fixed length control field 880923s1988 enk 000 0 eng d
020 ## - INTERNATIONAL STANDARD BOOK NUMBER
International Standard Book Number 0582036631
020 ## - INTERNATIONAL STANDARD BOOK NUMBER
International Standard Book Number 0582036615
035 ## - SYSTEM CONTROL NUMBER
system control number (BD-JhCC)7917
040 ## - CATALOGING SOURCE
Original cataloging agency BD-JhCC
Modifying agency BD-JhCC
-- BD - JhCC
041 ## - LANGUAGE CODE
Language code of Book eng
082 ## - DEWEY DECIMAL CLASSIFICATION NUMBER
Author mark and Year BAR 1988
Classification number 500
100 1# - MAIN ENTRY--PERSONAL NAME
Personal name Barton, Di.
245 10 - TITLE STATEMENT
Title Science /
Statement of responsibility, etc Di Barton
260 ## - PUBLICATION, DISTRIBUTION, ETC. (IMPRINT)
Place of publication, distribution, etc Harlow :
Name of publisher, distributor, etc Longman,
Date of publication, distribution, etc 1988
300 ## - PHYSICAL DESCRIPTION
Pagination 64 p. :
Other physical details ill. ;
Dimensions 18 cm
490 1# - SERIES STATEMENT
Series statement Longman pass packs
500 ## - GENERAL NOTE
General note With sound cassette
500 ## - GENERAL NOTE
General note Cover title: GCSE science
650 #0 - SUBJECT ADDED ENTRY--TOPICAL TERM
Topical term or geographic name as entry element Science
Form subdivision Examinations, questions, etc.
650 #0 - SUBJECT ADDED ENTRY--TOPICAL TERM
Topical term or geographic name as entry element Science
General subdivision Study and teaching (Secondary)
Geographic subdivision Great Britain
740 0# -
Uncontrolled related/analytical title GCSE science
830 #0 - SERIES ADDED ENTRY--UNIFORM TITLE
Uniform title Longman pass packs
942 ## - ADDED ENTRY ELEMENTS (KOHA)
Source of classification or shelving scheme Dewey Decimal Classification
Koha item type Books
Holdings
Source of classification or shelving scheme Damaged status Not for loan Home library Current library Shelving location Total Checkouts Full call number Barcode Date last seen Copy number Koha item type
Dewey Decimal Classification     JCC Rouf Library JCC Rouf Library General Stacks   500 BAR 1988 861 02/15/2018 C - 1 Books

JCC Library | Contacts | JCC Home

Last Update on 23 September 2017
Copyright @ 2017-2020 JCC Rouf Library
Rouf Library, Jhenidah Cadet College (JCC), Bangladesh